000 00733cab a2200229 4500
001 WB3509-18
008 090401t1999 xxu||||| |||| 00| 0 eng d
035 _a(Sirsi) u91785
041 _aeng
245 _aLinking town and country
260 _c1999
350 _a0
490 _aCountryside Commission News Release
_v(99/03) 1 March 1999 (2)
520 _aThe Countryside Commission have released a policy paper "Linking Town and Country" which sets out ideas for the regeneration of the countryside in and around towns.
650 _aCOUNTRYSIDE COMMISSION
650 _aCOUNTRYSIDE
650 _aTOWN AND COUNTRY PLANNING
650 _aTOWNS
690 _aECONOMIC AND SOCIAL
942 _n0
948 _c04/03/1999
999 _c58250
_d58250